000
00260nam a2200097Ia 4500
008
230915s9999 xx 000 0 und d
050
_a
S494.5 .U398 2007
100
_a
MOIR KATHERINE
245
0
_a
UKUZAJI WA MITI NA BUSTANI KWA USTAWISHAJI MAISHA
942
_c
BK
999
_c
201483
_d
201483